[Event "EU-ch U08"]
[Site "Prague"]
[Date "2024.08.28"]
[Round "6"]
[White "Hanas, Markiyan"]
[Black "Hu, Junyan"]
[Result "0-1"]
[WhiteElo "1652"]
[BlackElo "1720"]
[PlyCount "132"]
[EventDate "2024.08.22"]
[EventType "swiss"]
[EventRounds "9"]
[EventCountry "CZE"]
[SourceTitle "CBM 221 Extra"]
[Source "ChessBase"]
[SourceDate "2024.09.30"]
[SourceVersion "1"]
[SourceVersionDate "2024.09.30"]
[SourceQuality "1"]

1. e4 c5 2. Nf3 e6 3. Bd3 Nc6 4. 0-0 d5 5. exd5 exd5 6. Re1+ Be7 7. Bb5 Bd7 8. d3 Nf6 9. Qe2 h6 10. Bf4 a6 11. Bxc6 Bxc6 12. Nbd2 d4 13. Nh4 Nd5 14. Be5 0-0 15. Bxg7 Bxh4 16. Bxh6 Nf6 17. Bxf8 Kxf8 18. Nf3 Nd5 19. Qe5 Bf6 20. Qh5 Bg7 21. Re4 b6 22. Ng5 Be8 23. Rae1 Qd7 24. Nh7+ Kg8 25. g3 Rd8 26. Rh4 f6 27. Nxf6+ Nxf6 28. Qg5 Qf7 29. Re5 Rd6 30. Rf4 Bd7 31. Kg2 Bc6+ 32. Kg1 Qxa2 33. Re1 Re6 34. Rf1 Bb7 35. h4 Qa4 36. h5 Qc6 37. f3 Nh7 38. Qg4 Nf6 39. Qg6 Ne8 40. Qf7+ Kh8 41. Re4 Bc8 42. Rfe1 Rxe4 43. Rxe4 Nd6 44. Qg6 Bf5 45. Qg5 Bxe4 46. h6 Nf5 47. hxg7+ Nxg7 48. fxe4 Qd6 49. Kf2 Kh7 50. Kg2 Qh6 51. Qd5 Qd2+ 52. Kh3 Qxc2 53. Qd8 Qd2 54. Kg4 Qd1+ 55. Kf4 Ne6+ 56. Ke5 Nxd8 57. g4 Qxg4 58. Kd6 Nb7+ 59. Kc7 Qe6 60. e5 Kg7 61. Kxb7 Kf7 62. Kc7 Ke7 63. Kb7 Kd7 64. Kxa6 Kc6 65. Ka7 Qc8 66. e6 Qb7# 0-1